Účetnictví

Gespeichert in:
Bibliographische Detailangaben
Format: Schriftenreihe
Sprache:Tschechisch
Veröffentlicht: Praha Federální ministerstvo financí 1992
Schlagworte:
Tags: Tag hinzufügen
Keine Tags, Fügen Sie das erste Tag hinzu!

MARC

LEADER 00000nas2a2200000 4500
001 s016462
005 20180117152328.4
022 |a 0139-5661 
041 0 |a cze 
044 |a CZ 
245 1 0 |a Účetnictví 
264 1 |a Praha  |b Federální ministerstvo financí  |c 1992 
300 |a 1 zv. 
773 0 |w eu_un_cat*s120032 
610 2 0 |a účtovníctvo 
610 2 0 |a metódy účtovné 
610 2 0 |a systémy účtovné